000
00356 a2200169 4500
001
71592
020
_a
8508052723
040
_c
Anchieta - Colégio São Paulo
100
_a
Kuss, Daniéle
240
1
0
_a
A Amazônia
_l
por
245
1
0
_a
A Amazônia
300
_a
47
362
0
_a
1995
440
1
_a
Ática
650
4
_a
Literatura juvenil
942
_c
BK
999
_c
71592
_d
71592